Gaming Quiz

Random Gaming or Pokémon Quiz

Gen I & II Fairy Typing Quiz Stats

 Plays Quiz not verified by Sporcle

Challenge
Share
Tweet
Embed
Score 0/16 Timer 03:00
0 Plays Today
Former Typing Answer % Correct
NormalClefairy
100%
NormalTogepi
100%
NormalSnubbull
100%
NormalGranbull
100%
Normal/FlyingTogetic
100%
WaterMarill
100%
WaterAzumarill
100%
NormalClefable
97.9%
Former Typing Answer % Correct
NormalJigglypuff
97.9%
NormalWigglytuff
97.9%
PsychicMr. Mime
95.7%
NormalCleffa
95.2%
NormalIgglybuff
90.5%
NormalCharm
85.7%
NormalMoonlight
76.2%
NormalSweet Kiss
71.4%

You're not logged in!

Compare scores with friends on all Sporcle quizzes.
OR
Log In

You Might Also Like...

Show Comments

Extras

Created May 19, 2016ReportNominate
Tags:Pokémon Quiz, fairy, gen

Top Quizzes Today


Score Distribution

Your Account Isn't Verified!

In order to create a playlist on Sporcle, you need to verify the email address you used during registration. Go to your Sporcle Settings to finish the process.

Report this User

Report this user for behavior that violates our Community Guidelines.

Details: